El zuavo (Record no. 165453)

MARC details
000 -LEADER
campo de control de longitud fija 01015nam a22001935i 4500
001 - NÚMERO DE CONTROL
campo de control 165453
003 - IDENTIFICADOR DE NÚMERO DE CONTROL
campo de control ES-MaACL
005 - FECHA Y HORA DE LA ÚLTIMA TRANSACCIÓN
campo de control 20230906213135.0
008 - DATOS DE LONGITUD FIJA--INFORMACIÓN GENERAL
campo de control de longitud fija 020128s1859 sp |||| | spa d
040 ## - FUENTE DE CATALOGACIÓN
Centro catalogador/agencia de origen CAM
Lengua de catalogación spa
Centro/agencia transcriptor CAM
100 1# - ENTRADA PRINCIPAL--NOMBRE DE PERSONA
Nombre de persona Sobrado, Pedro Niceto de.
9 (RLIN) 132790
245 13 - MENCIÓN DEL TÍTULO
Título El zuavo
Resto del título : juguete lírico-dramático vascongado en un acto, en verso /
Mención de responsabilidad, etc. original de Pedro Niceto de Sobrado ; musica de Cristobal Oudrid.
260 ## - PUBLICACIÓN, DISTRIBUCIÓN, ETC.
Lugar de publicación, distribución, etc. Madrid :
Nombre del editor, distribuidor, etc. [s.n.],
Fecha de publicación, distribución, etc. 1859 (
Fabricante Imprenta de José Rodriguez)
300 ## - DESCRIPCIÓN FÍSICA
Extensión 41 p. ;
Dimensiones 20 cm.
500 ## - NOTA GENERAL
Nota general En port.: Representado en el teatro del Circo la noche del 28 de junio de 1859.
596 ## - NOTA AL PIE DE IMPRENTA
NOTA AL PIE DE IMPRENTA En verso de la port. consta: "Los comisionados de Alonso Gullon editor de la coleccion de obras dramáticas y liricas titulada El Teatro ..."
700 0# - ENTRADA AGREGADA--NOMBRE PERSONAL
Nombre de persona Oudrid, Cristóbal.
9 (RLIN) 87969
852 ## - LOCALIZACIÓN
Ubicación ES-MaACL
Número de control de estantería F-8582(8)
Nota libre -- Enc. pasta española
condición física -- Falto de la cub. original
Nota libre -- Enc. en un vol. facticio formando parte de la col. facticia "Teatro español moderno", vol. 35
Holdings
Estatus retirado Estado de pérdida Estado de daño No para préstamo Colección Biblioteca de origen Biblioteca actual Ubicación en estantería Fecha de adquisición Total de préstamos Signatura topográfica completa Código de barras Visto por última vez Precio de reemplazo Tipo de ítem Koha
        Libros del s. XIX Biblioteca del Ateneo de Madrid Biblioteca del Ateneo de Madrid Sala Pecera Planta 2 17/01/2008   F-8582(8) 1173498 23/02/2023 23/02/2023 Libro impreso antiguo